Informační dálnice /

Salvato in:
Dettagli Bibliografici
Autori principali: Gates, B (Autore), Myhrvold, N (Autore), Rinearson, P (Autore)
Natura: Libro
Lingua:ceco
Pubblicazione: Praha : Management Press, Profit, a.s, 1997
Edizione:, prel.z angl.orig.
Tags: Aggiungi Tag
Nessun Tag, puoi essere il primo ad aggiungerne!!

MARC

LEADER 00000nam a22000003a 4500
001 stu30635
005 20150617225734.9
008 980123s1997----cs------------------cze-d
020 |a 80-85943-28-X 
040 |a STU  |b slo 
041 0 |a cze 
044 |a cs 
080 |a 681.3 
100 1 |a Gates, B  |4 aut 
245 1 |a Informační dálnice /  |c [aut]Gates,B.;Myhrvold,N.;Rinearson,P 
250 |a , prel.z angl.orig. 
260 |a Praha :  |b Management Press, Profit, a.s,  |c 1997 
300 |a 229 s 
700 1 |a Myhrvold, N  |4 aut 
700 1 |a Rinearson, P  |4 aut 
996 |b 284V028232  |c V*45199/O-19785  |l VVT  |s A  |a 24  |w stu30635_0001